Normal view MARC view
  • Bangladesh

Entry Geographic Name

Number of records used in: 4

001 - CONTROL NUMBER

  • control field: 5531

003 - CONTROL NUMBER IDENTIFIER

  • control field: NUST

005 - DATE AND TIME OF LATEST TRANSACTION

  • control field: 20171019124416.0

008 - FIXED-LENGTH DATA ELEMENTS

  • fixed length control field: 171019|| aca||aabn | a|a d

040 ## - CATALOGING SOURCE

  • Original cataloging agency: NUST
  • Transcribing agency: NUST

151 ## - HEADING--GEOGRAPHIC NAME

  • Geographic name: Bangladesh
  • General subdivision: History
  • Chronological subdivision: Revolution, 1971.

670 ## - SOURCE DATA FOUND

  • Source citation: Work cat.: (NUST)0: Matinuddin, Kamal. 5530, Tragedy of errors :, 1994.
© 2023 Central Library, National University of Sciences and Technology. All Rights Reserved.